Word Ladder: Two-Time Oscar Winner Quiz Stats

 Plays Quiz Updated Aug 29, 2019

Score 0/23 Timer 03:00
0 Plays Today
Hint Answer % Correct
Planes, ______ and Automobiles TRAINS
92.5%
Short, Lawrence, or LutherMARTIN
89.9%
Intellectual capacityBRAINS
87.8%
Interlaced strands of hairBRAIDS
87.4%
Divided hair with a combPARTED
86.7%
Decelerated by use of a pedalBRAKED
85.1%
Copied a picture underneath the paperTRACED
84%
Hereditary characteristicsTRAITS
83.8%
Prepared for something unpleasantBRACED
83.3%
Flying X, Lazy S on cattleBRANDS
78.6%
Miami baseball playerMARLIN
78.2%
Halted vehicle in a stallPARKED
75.5%
Hint Answer % Correct
Drug lord associationCARTEL
70.5%
Hauled on a wheeled vehicleCARTED
70.2%
Brewed coffeePERKED
67.8%
Actor: [FIRST RUNG] _____________BRANDO
66.9%
Actor: _____________ [LAST RUNG]MARLON
66.8%
Having an avian rostrumBEAKED
63.8%
Religious pamphletsTRACTS
63.3%
Looking pale and wanPEAKED
62.1%
Sled dog leather strapsTRACES
61.4%
Mustelid of northern forestsMARTEN
54.7%
Frankish leader and Tours victor CharlesMARTEL
53%

Today's Daily Dose

Missing Word
Sherlocks

Word Ladder
King of the Hill

Quick Pick
Songs in Pink

Get the Picture
NBA Teammates

You're not logged in!

Compare scores with friends on all Sporcle quizzes.
OR
Log In

Sporcle TV

Today on Sporcle TV


Watch our educational content, quiz creation guides, and fun videos on Sporcle TV.

Show Comments

Extras

Top Quizzes Today


Score Distribution

Your Account Isn't Verified!

In order to create a playlist on Sporcle, you need to verify the email address you used during registration. Go to your Sporcle Settings to finish the process.

Report this User

Report this user for behavior that violates our Community Guidelines.

Details: